000 01425cam a2200193 4500500
005 20251228052300.0
041 _afre
042 _adc
100 1 0 _aBaujard, Monique
_eauthor
245 0 0 _aCrise de la solidarité, crise de sens
260 _c2011.
500 _a93
520 _aRésuméL’auteure se sert de sa double appartenance néerlandaise et française pour illustrer la mosaïque culturelle qui caractérise l’Europe et qui devrait servir de toile de fond à toute réflexion la concernant. Ces différences culturelles, constitutives de l’identité de chaque pays, colorent la façon dont chaque pays réagit à la crise et dont il conçoit la solidarité. Et c’est à partir de l’expérience aux Pays-Bas que l’auteure montre que la crise de l’euro n’est pas une crise conjoncturelle mais la manifestation d’une crise plus fondamentale : une crise de sens. Le projet commun sur lequel se construit chaque nation ainsi que l’Europe semble en panne et appelle une refondation. Et pour refonder, les vertus cardinales de l’Église catholique pourraient être mises à profit : la justice, la prudence, la tempérance et le courage.
690 _acrise
690 _aEurope
690 _aPays-Bas
786 0 _nTransversalités | 118 | 2 | 2011-06-01 | p. 67-74 | 1286-9449
856 4 1 _uhttps://shs.cairn.info/revue-transversalites-2011-2-page-67?lang=fr&redirect-ssocas=7080
999 _c1583239
_d1583239